00600 2200169 4500245009400000020002200094250001000116100002200126650003500148005001900183260004100202041001400243084001100257500011800268490003500386336000900421 aEnsiklopedia Nabi Muhammad SAW dalam Ragam Gaya Hidup 1 Volume 5cZAIDAH KUSUMAWATIhText a978-979-3535-84-5 aCet.1 aZAIDAH KUSUMAWATI aEnsiklopedia Nabi Muhammad SAW a20231124133744 aJakartabPT Ikrar Mandiriabadic2011 aIndonesia a297.03 aDaftar Isi : Mengenal Nabi Dan Rasul, Spiritual dan ritual Nabi Muhammad SAW, Hidup Bersih Cara Nabi Muhammad SAW aEnsiklopedia Nabi Muhammad SAW atext